Migración en la época de post-conflicto: vulneración de derechos de las poblaciones excluidas e impactos sobre la participación política
Salvato in:
| Autore principale: | |
|---|---|
| Natura: | testo |
| Pubblicazione: |
Ciudad de Guatemala:
PSC
|
| Soggetti: | |
| Tags: |
Aggiungi Tag
Nessun Tag, puoi essere il primo ad aggiungerne!!
|
MARC
| LEADER | 00000 a a2200000 04500 | ||
|---|---|---|---|
| 001 | 34383 | ||
| 003 | |||
| 040 | |a CRAI/IIS |c CRAI/IIS | ||
| 090 | |a 1001 P164m | ||
| 100 | |a Palma C., Silvia Irene | ||
| 245 | |a Migración en la época de post-conflicto: vulneración de derechos de las poblaciones excluidas e impactos sobre la participación política | ||
| 260 | |a Ciudad de Guatemala: |b PSC | ||
| 300 | |a 93 p. |b map. | ||
| 650 | |a MIGRACION | ||
| 650 | |a CONFLICTOS | ||
| 650 | |a GRUPOS VULNERABLES | ||
| 650 | |a POBLACION | ||
| 650 | |a MARGINALIDAD | ||
| 650 | |a PARTICIPACION POLITICA | ||
| 650 | |a POLITICA MIGRATORIA | ||
| 999 | |c 17786 |d 17786 | ||
